<?xml version="1.0" encoding="UTF-8"?>
<collection xmlns="http://www.loc.gov/MARC21/slim">
 <record>
  <leader>00631nam a22001575a 4500</leader>
  <controlfield tag="001">EEA.libagro001969</controlfield>
  <controlfield tag="008">130809s1970####ag#a##########000#0#spa#d</controlfield>
  <controlfield tag="005">20191028121704.0</controlfield>
  <datafield tag="245" ind1="1" ind2="0">
   <subfield code="a">Requerimientos de agua y uso consuntivo en explotaciones de la Provincia de Río Negro /</subfield>
   <subfield code="c">Jorge Alfredo Luque, Alfredo U. Gutiérrez, J.D. Paoloni.</subfield>
  </datafield>
  <datafield tag="260" ind1=" " ind2=" ">
   <subfield code="a">[Viedma] :</subfield>
   <subfield code="b">Subsecretaría de Asuntos Agrarios de Río Negro,</subfield>
   <subfield code="c">1970.</subfield>
  </datafield>
  <datafield tag="300" ind1=" " ind2=" ">
   <subfield code="a">91 p. :</subfield>
   <subfield code="b">il. ;</subfield>
   <subfield code="c">27 cm.</subfield>
  </datafield>
  <datafield tag="100" ind1="1" ind2=" ">
   <subfield code="a">Luque, Jorge Alfredo.</subfield>
  </datafield>
  <datafield tag="700" ind1="1" ind2=" ">
   <subfield code="a">Gutiérrez, Alfredo U.</subfield>
  </datafield>
  <datafield tag="700" ind1="1" ind2=" ">
   <subfield code="a">Paoloni, Juan Darío.</subfield>
  </datafield>
  <datafield tag="082" ind1="0" ind2="4">
   <subfield code="a">631.7</subfield>
  </datafield>
  <datafield tag="859" ind1=" " ind2=" ">
   <subfield code="a">AR-BbBCA</subfield>
   <subfield code="b">BIB. AGRONOMIA</subfield>
   <subfield code="h">631.7</subfield>
   <subfield code="i">L966-13</subfield>
   <subfield code="p">1974/0081</subfield>
  </datafield>
 </record>
</collection>
